Statistics for Super Smash Bros. 64 Characters

Click here to take the quiz!

General Stats

  • This quiz has been taken 28 times
  • The average score is 11 of 12

Answer Stats

Answer% Correct
Donkey Kong
100%
Link
100%
Luigi
100%
Mario
100%
Pikachu
100%
Yoshi
100%
Kirby
96%
Jigglypuff
92%
Captain Falcon
88%
Fox
85%
Samus
81%
Ness
69%

Score Distribution

Percentile by Number Answered

Percent of People with Each Score

Your Score History

You have not taken this quiz